000 00408nam a2200169Ia 4500
008 230524s9999 xx 000 0 und d
082 _a537
_bHAY
100 _aSimon Haykin
245 0 _aModern Wireless Communications
250 _aIST
260 _aNEW DELHI
_bPearson
_c2009
300 _aVII;663
500 _aQuantity Number: 2
650 _aElectronics
700 _a Michael Moher
942 _cBK
999 _c45905
_d45905